Sexualites occidentales /

Guardat en:
Dades bibliogràfiques
Altres autors: Ariès, Philippe, Béjin, André
Format: Llibre
Idioma:francès
Publicat: Paris : Edition du Seuil, 1984
Col·lecció:Communications ; 35
Etiquetes: Afegir etiqueta
Sense etiquetes, Sigues el primer a etiquetar aquest registre!

MARC

LEADER 00000nam a22000001i 4500
001 IT\ICCU\UBO\0354760
003 ItRI
005 20260115231838.0
008 991119s1984 fr |||||| ||||| |||||c
020 |a 2020085178 
040 |b ita  |c importazione bologna sebina 
041 7 |a fre  |2 ISO-639-2 
245 0 0 |a Sexualites occidentales /  |c dirige par Philippe Aries et Andre Bejin. 
260 |a Paris :  |b Edition du Seuil,  |c 1984 
300 |a 245 p. ;  |c 18 cm. 
700 1 |a Ariès, Philippe  |0 IT\ICCU\CFIV\001680 
700 1 |a Béjin, André  |0 IT\ICCU\CFIV\118758 
830 0 |a Communications ;  |v 35  |0 IT\ICCU\MIL\0205514 
942 |2 ddc  |c BK  |n 0 
952 |0 0  |1 0  |4 0  |6 DOC_306_709000000000000_ARI  |7 0  |9 14088  |a BO  |b BO  |d 2026-01-15  |i 3188  |l 0  |o DOC 306.709 ARI  |p BO3188  |r 2026-01-15 23:18:38  |w 2026-01-15  |x [Sebina 5] [1 v.]  |y BK  |z 1 v. 
999 |c 12145  |d 12145